Euro 2024 : tous les buteurs - Statistiques

Statistiques générales
  • Ce quiz a été pris 137 fois
    81 depuis la dernière actualisation
  • Le résultat moyen est 35 sur 84
Statistiques - réponses
Pays Réponse Buts % Correct
Espagne Lamine Yamal 1
93%
Angleterre Harry Kane 3
91%
Géorgie Georges Mikautadze 3
88%
Allemagne Jamal Musiala 3
88%
Angleterre Jude Bellingham 2
88%
Allemagne Florian Wirtz 2
84%
Pays-Bas Cody Gakpo 3
83%
France Kylian Mbappé 1
83%
Espagne Dani Olmo 3
81%
Turquie Arda Güler 1
79%
France Randal Kolo Muani 1
79%
Espagne Nico Williams 2
78%
Espagne Álvaro Morata 1
72%
Pologne Robert Lewandowski 1
72%
Pays-Bas Xavi Simons 1
71%
Croatie Luka Modric 1
69%
Suisse Breel Embolo 2
67%
Espagne Fabián Ruiz 2
62%
Belgique Kevin De Bruyne 1
62%
Allemagne Niclas Füllkrug 2
62%
Allemagne Kai Havertz 2
60%
Pays-Bas Memphis Depay 1
60%
Espagne Rodri 1
59%
Portugal Bruno Fernandes 1
55%
Autriche Marcel Sabitzer 1
55%
Espagne Dani Carvajal 1
53%
Angleterre Bukayo Saka 1
52%
Portugal Bernardo Silva 1
48%
Angleterre Cole Palmer 1
48%
Espagne Mikel Oyarzabal 1
48%
Danemark Christian Eriksen 1
47%
Italie Nicolo Barella 1
47%
Hongrie Barnabás Varga 1
45%
Roumanie Nicolae Stanciu 1
45%
Suisse Xherdan Shaqiri 1
45%
Pays-Bas Donyell Malen 2
43%
Tchéquie Patrick Schick 1
43%
Géorgie Khvicha Kvaratskhelia 1
41%
Angleterre Ollie Watkins 1
41%
Espagne Mikel Merino 1
40%
Portugal Francisco Conceiçao 1
38%
Autriche Marko Arnautović 1
36%
Turquie Merih Demiral 2
36%
Suisse Ruben Vargas 1
36%
Allemagne Emre Can 1
34%
Espagne Ferran Torres 1
34%
Turquie Hakan Çalhanoglu 1
34%
Slovaquie Ivan Schranz 3
34%
Turquie Kerem Aktürkoglü 1
34%
Croatie Andrej Kramarić 1
33%
Autriche Christoph Baumgartner 1
33%
Allemagne Ilkay Gündoğan 1
33%
Italie Mattia Zaccagni 1
33%
Belgique Youri Tielemans 1
33%
Suisse Michel Aebischer 1
31%
Roumanie Razvan Marin 2
31%
Suisse Dan Ndoye 1
29%
Suisse Remo Freuler 1
29%
Turquie Mert Müldür 1
28%
Albanie Nedim Bajrami 1
28%
Écosse Scott McTominay 1
28%
Pays-Bas Wout Weghorst 1
26%
Pologne Adam Buksa 1
21%
Serbie Luka Jovic 1
21%
Autriche Michael Gregoritsch 1
21%
Roumanie Denis Dragus 1
19%
Ukraine Mykola Shaparenko 1
19%
Turquie Cenk Tosun 1
17%
Suisse Kwadwo Duah 1
17%
Ukraine Roman Yaremchuk 1
17%
Pays-Bas Stefan De Vrij 1
17%
Danemark Morten Hjulmand 1
16%
Turquie Samet Akaydin 1
16%
Albanie Qazim Laçi 1
14%
Autriche Gernot Trauner 1
12%
Hongrie Kevin Csoboth 1
12%
Albanie Klaus Gjasula 1
10%
Pologne Krzysztof Piątek 1
10%
Slovénie Erik Janza 1
9%
Tchéquie Lukáš Provod 1
9%
Tchéquie Tomas Soucek 1
9%
Autriche Romano Schmid 1
7%
Slovénie Zan Karnicnik 1
7%
Italie Alessandro Florenzi 1
2%
Aucun quiz correspondant
Distribution des résultats
% des personnes avec chaque résultat
Percentile par nombre de réponses
Votre historique - résultats
Vous n’avez pas pris ce quiz depuis la dernière actualisation